00584nam a22001577a 450000500170000001000150001702000260003203500130005803700130007108200080008424501570009226000560024927000680030530000210037370000320039420160802162608.0 aENG-115448 a9789385493201c299.00 aEN-98980 bDBAD/PUB a954 aRathore Indian history for UGC/NET/JRF/SLET/SRF also useful for : IAS/PCS and other competitive examinations /ceditied by kunwar Ishwar Singh Rathore aNew DelhiibRathore Publishers & Distributorsc2016 a202, 2nd Floor 4832/24 Ansari Road,DaryaganjbNew Delhie110002 a304p.c21cm(pbk) dRathore,Kunwar Ishwar Singh